Recreo sobre las letras

Gorde:
Xehetasun bibliografikoak
Egile nagusia: Cardona Peña, Alfredo
Formatua: Liburua
Hizkuntza:Undetermined
Argitaratua: San Salvador, El Salvador Ministerio de Educación 1961
Gaiak:
Etiketak: Etiketa erantsi
Etiketarik gabe, Izan zaitez lehena erregistro honi etiketa jartzen!

MARC

LEADER 00000nam a2200000Ia 4500
008 170316s9999 xx 000 0 und d
040 |a cru BVZT 
090 |a 868 C-5r 
100 |a Cardona Peña, Alfredo  |9 936 
245 |a Recreo sobre las letras  |c / Alfredo Cardona Peña 
260 |a San Salvador, El Salvador  |b Ministerio de Educación  |c 1961 
300 |a 368 páginas 
650 |a LITERATURA COSTARRICENSE  |9 17 
999 |c 10852  |d 10852 
942 |c 15 D  |h 868 C-5r  |2 z